000 00832nam a22002177a 4500
003 JO-AjAnu
005 20251021135541.0
008 251012b jo ||||| |||| 00| 0 ara d
020 _a978-9923-322-73-4
022 _a2389/5/2023
040 _aANU
_cJO-AjAnu
041 _hARA
100 _aالدراويش، وجيه يونس محمد
_eمؤلف ومعد
_966750
245 _aمنهاج الكاراتيه دو : كاتات الشوتوكان؛ ج2
_c / إعداد وتاليف وجيه يونس محمد الدراويش
250 _aالطبعة الاولى
260 _aعمان :
_bدار يافا العلمية للنشر والتوزيع،
_c2023
300 _a339 صفحة
490 _3السلسة الأولى
650 _vالكاراتيه-فنون القتال-الرياضيون
942 _2lcc
_cBK
_n0
999 _c34044
_d34044